Normal view
MARC view
Entry Topical Term
001 - CONTROL NUMBER
- control field: 54575
003 - CONTROL NUMBER IDENTIFIER
- control field: OSt
005 - DATE AND TIME OF LATEST TRANSACTION
- control field: 20240910101741.0
008 - FIXED-LENGTH DATA ELEMENTS
- fixed length control field: 240910|| aca||aabn | a|a d
040 ## - CATALOGING SOURCE
- Original cataloging agency: OSt
- Transcribing agency: OSt
150 ## - HEADING--TOPICAL TERM
- Topical term or geographic name entry element: မြန်မာနိုင်ငံ
- Chronological subdivision: ကုန်းဘောင်ခေတ်
- Form subdivision: သမိုင်း။
670 ## - SOURCE DATA FOUND
- Source citation: Work cat.: (OSt)27237: တင်ထွေး။ 19514, တတိယမြန်မာနိုင်ငံကို တည်ထောင်ခဲ့သူ အလောင်းမင်းတရားဦးအောင်ဇေယျ /, ၁၉၉၂။